000 00295nam a22001337a 4500
020 _a0-7214-2480-5
082 _a823
_bSTI/S
100 _aSTIMSON, JOAN
245 _aSTORY TOME FOR 2 YEARS OLD
260 _aLONDON
_bLADY BIRD
300 _a43
650 _aENGLISH SHORT STORY
_zUK
942 _cBK
999 _c2500
_d2500